03123nam a2200457Ia 450000500170000000800410001702000150005804100080007308200220008110000260010324501210012925000220025030000250027249000440029750400520034158600440039365000700043765000180050765100590052594200120058426400420059633600270063833700330066533800280069804000350072699900150076195201330077695201300090995201360103995201360117595201340131195201350144595201350158095201360171595201370185195201330198895201350212195201360225695201380239295201350253020220316235744.0121119s2002 ck gr 000 0 spa  a95881593340 aspa04a364.198611 bB71c1 aBravo Páez, Ivonne 10aComportamientos ilícitos y mecanismos de control social en el Bolívar Grandeb1886-1905cIvonne Bravo Páez aPrimera edición a117 páginasc21 cm0 aPremios Departamentales de Cultura 1998 aReferencias bibliográficas: páginas 107-113 aPremios Departamentales de Cultura 1998142LEMBaProblemas socialeszRegión caribe (Colombia)y1886-1905142LEMBaDelitos14aRegión caribe (Colombia)xHistoriay1886-1905934206 2ddccBK aBogotábMinisterio de Culturac2002 atextobtxt2rdacontent asin mediaciónbn2rdamedia avolumenbnc2rdacarrier aCO-BoRNBPbspaerdacCO-BoRNBP c2056d2056 00102ddc40708GENaMEPRICObMEPRICOcGENd2022-12-05o364.198611 B71 cpPR00000072r2022-12-05 00:00:00tEj.1w2022-12-05yBK 00102ddc40708GENaMEDORADObMEDORADOcGENd2022-12-23l0o364.198611pDOR00357r2022-12-23 00:00:00tEj.1w2022-12-23yBK 00102ddc40708GENaMEGUAMALbMEGUAMALcGENd2023-03-16l0o364.198611 B71cpGUA002360r2023-03-16 00:00:00tEj.1w2023-03-16yBK 00102ddc40708GENaMEFTEORObMEFTEOROcGENd2023-05-04l0o364.198611 B71cpFo0000365r2023-05-04 00:00:00tEj.1w2023-05-04yBK 00102ddc40708GENaMECASTILbMECASTILcGENd2023-06-23l0o364.198611 B71cpEC00674r2023-06-23 00:00:00tEj.1w2023-06-23yBK 00102ddc40708GENaMESMARTIbMESMARTIcGENd2023-07-10l0o364.19811 B71cpSM0001240r2023-07-10 00:00:00tEj.1w2023-07-10yBK 00102ddc40708GENaMEVHERMObMEVHERMOcGENd2023-07-31l0o364.198611 B71cpVIS00402r2023-07-31 22:41:50tEj.1w2023-07-31yBK 00102ddc40708GENaMECUBARRbMECUBARRcGENd2023-08-10l0o364.198611 B71 cpCUB02389r2023-08-10 15:22:20tEj.1w2023-08-10yBK 00102ddc40708GENaMEMAPIRIbMEMAPIRIcGENd2023-11-07l0o364.198611 B71cpMAP0000434r2023-11-07 14:05:35tEj.1w2023-11-07yBK 00102ddc40708GENaMEURIBEbMEURIBEcGENd2024-07-22l0o364.198611 B71cpURI00471r2024-07-22 12:17:07tEj.1w2024-07-22yBK 00102ddc40708GENaMESGUARObMESGUAROcGENd2025-05-05l0o364.198611 B71cpSG02880r2025-05-05 15:49:35tEj.1w2025-05-05yBK 00102ddc40708GENaMEACACIAbMEACACIAcGENd2025-06-20l0o364.198611 B71cpACA02671r2025-06-20 08:15:56tEj.1w2025-06-20yBK 00102ddc40708GENaMEPLLERASbMEPLLERAScGENd2025-07-07l0o364.198611 B71cpPLL02288r2025-07-07 18:13:54tEj.1w2025-07-07yBK 00102ddc40708GENaMEMACAREbMEMACAREcGENd2025-07-29l0o364.198611 B71cpLM02852r2025-07-29 11:06:54tEj.1w2025-07-29yBK